[Event "11. Torneo Internet Ciudad Dos Hermanas"]
[Site "Dos Hermanas ICC ESP"]
[Date "2010.03.19"]
[Round "11"]
[White "Shipov, Sergei"]
[Black "Amonatov, Farrukh"]
[Result "1/2-1/2"]
[WhiteElo "2557"]
[BlackElo "2637"]
[PlyCount "116"]
[EventDate "2010.03.10"]
[EventType "match (blitz)"]
[EventCountry "ESP"]
[Source "lmi"]
[SourceDate "2010.03.12"]

1. d4 Nf6 2. c4 g6 3. Nc3 Bg7 4. e4 d6 5. Nf3 O-O 6. Be2 e5 7. Be3 Ng4 8. Bg5
f6 9. Bh4 Nd7 10. O-O Nh6 11. Qd2 Nf7 12. Rad1 c6 13. b4 g5 14. Bg3 g4 15. Nh4
exd4 16. Qxd4 f5 17. Qe3 f4 18. Qxf4 Bxc3 19. Qxg4+ Kh8 20. Nf5 Qg5 21. Qxg5
Nxg5 22. Nxd6 Nf6 23. e5 Nfe4 24. h4 Nxg3 25. fxg3 Ne6 26. Bg4 Rxf1+ 27. Rxf1
Bxb4 28. Nxc8 Rxc8 29. Bxe6 Re8 30. Bf5 Rxe5 31. g4 a5 32. Rd1 Kg7 33. Rd7+ Re7
34. Rxe7+ Bxe7 35. g5 Bd6 36. Kf2 Bf4 37. Kf3 Bd2 38. c5 Bb4 39. Bc8 Bxc5 40.
Bxb7 Ba3 41. Bxc6 Bc1 42. Be4 Bd2 43. Kg4 Bc1 44. Kf5 Bd2 45. Bd3 Bc1 46. g3
Bd2 47. Kg4 Bc1 48. Kh5 Bd2 49. Kg4 Bc1 50. a4 Bd2 51. Kf5 Bc1 52. g4 Bd2 53.
Be2 Bc1 54. Bd3 Bd2 55. Ke6 Be1 56. h5 h6 57. gxh6+ Kxh6 58. Kf5 Bd2 1/2-1/2

[Event "11. Torneo Internet Ciudad Dos Hermanas"]
[Site "Dos Hermanas ICC ESP"]
[Date "2010.03.19"]
[Round "11"]
[White "Khusnutdinov, Rustam"]
[Black "Lastin, Alexander"]
[Result "0-1"]
[WhiteElo "2527"]
[BlackElo "2643"]
[PlyCount "72"]
[EventDate "2010.03.10"]
[EventType "match (blitz)"]
[EventCountry "ESP"]
[Source "lmi"]
[SourceDate "2010.03.12"]

1. e4 g6 2. d4 Bg7 3. Nc3 d6 4. g3 Nf6 5. Bg2 O-O 6. Nge2 e5 7. h3 Nc6 8. Be3
exd4 9. Nxd4 Re8 10. O-O Bd7 11. Qd2 Qc8 12. g4 h5 13. g5 Bxh3 14. gxf6 Bxg2
15. f3 Bxf1 16. fxg7 Bc4 17. Nxc6 bxc6 18. Bd4 Qh3 19. Qf4 g5 20. Qxg5 Re6 21.
Bf6 Rxf6 22. Qxf6 Qg3+ 23. Kh1 Re8 24. Qh6 Qxf3+ 25. Kh2 Qf2+ 26. Kh1 Qh4+ 27.
Kg2 f5 28. Re1 Qxe1 29. Qh8+ Kf7 30. Qxh5+ Ke7 31. exf5 Qd2+ 32. Kg3 Kd7 33. f6
Re3+ 34. Kg4 Be2+ 35. Kh4 Bxh5 36. g8=Q Qh2+ 0-1

[Event "11. Torneo Internet Ciudad Dos Hermanas"]
[Site "Dos Hermanas ICC ESP"]
[Date "2010.03.19"]
[Round "11"]
[White "Perez Ponsa, Federico"]
[Black "Barbosa, Oliver"]
[Result "0-1"]
[WhiteElo "2437"]
[BlackElo "2452"]
[PlyCount "124"]
[EventDate "2010.03.10"]
[EventType "match (blitz)"]
[EventCountry "ESP"]
[Source "lmi"]
[SourceDate "2010.03.12"]

1. e4 e5 2. Nf3 Nf6 3. d4 Nxe4 4. Bd3 d5 5. dxe5 Nc5 6. Be2 Be7 7. O-O O-O 8.
Nc3 c6 9. Be3 Ne6 10. Re1 Nd7 11. Qd2 b5 12. a3 Bb7 13. Rad1 a6 14. Bd3 c5 15.
Ne2 d4 16. Bf4 c4 17. Bf5 Bxf3 18. gxf3 Ndc5 19. Nxd4 Qc7 20. Bg3 Rad8 21. c3
Qb7 22. Qe3 Ng5 23. h4 Rxd4 24. hxg5 Rdd8 25. e6 fxe6 26. Bxe6+ Kh8 27. Bg4
Rxd1 28. Rxd1 Nd3 29. b3 Bc5 30. Qe4 Qxe4 31. fxe4 Bxf2+ 32. Bxf2 Nxf2 33. Rf1
cxb3 34. Be6 b2 35. Ba2 Nh3+ 36. Kg2 Rxf1 37. Kxf1 Nxg5 38. Bb1 Kg8 39. Ke2 Kf7
40. Ke3 Kf6 41. Kf4 Ne6+ 42. Ke3 Ke5 43. Kd3 Nc5+ 44. Kc2 Na4 45. Kb3 h5 46. c4
h4 47. cxb5 axb5 48. Ka2 h3 49. Bd3 h2 50. Bxb5 h1=Q 51. Bd3 Qa1+ 52. Kb3 b1=Q+
53. Bxb1 Qxb1+ 54. Kc4 Qc2+ 55. Kb4 Kxe4 56. Kb5 Qb3+ 57. Kc6 Ke5 58. Kd7 Qb6
59. Kc8 Qa7 60. Kd8 g5 61. Kc8 Nc5 62. Kd8 Qd7# 0-1

[Event "11. Torneo Internet Ciudad Dos Hermanas"]
[Site "Dos Hermanas ICC ESP"]
[Date "2010.03.19"]
[Round "11"]
[White "Jones, Gawain C B"]
[Black "Bruzon Batista, Lazaro"]
[Result "0-1"]
[WhiteElo "2556"]
[BlackElo "2641"]
[PlyCount "124"]
[EventDate "2010.03.10"]
[EventType "match (blitz)"]
[EventCountry "ESP"]
[Source "lmi"]
[SourceDate "2010.03.12"]

1. e4 c5 2. Nc3 d6 3. f4 Nc6 4. Nf3 g6 5. Bb5 Bg7 6. Bxc6+ bxc6 7. d3 Nh6 8.
O-O O-O 9. Qe1 f5 10. e5 Rb8 11. b3 Nf7 12. Kh1 Be6 13. Rb1 Qd7 14. Bb2 Rfe8
15. Na4 Bd5 16. c4 Be6 17. Qe3 h6 18. Rbd1 Kh7 19. d4 cxd4 20. Nxd4 Qc8 21.
Nxe6 Qxe6 22. Qxa7 dxe5 23. Nc5 Qc8 24. fxe5 Ra8 25. Qd7 Rxa2 26. e6 Ne5 27.
Bxe5 Bxe5 28. Qxc8 Rxc8 29. Rd7 Bf6 30. h3 h5 31. Rfd1 Re2 32. R7d2 Re3 33. Rd3
Re2 34. R3d2 Re3 35. Kg1 Ra8 36. Rd3 Re2 37. R3d2 Re3 38. Kf2 Rc3 39. Nd7 Kg7
40. Nc5 h4 41. Ke2 Ra5 42. b4 Raa3 43. Rd3 Ra2+ 44. R1d2 Rxd2+ 45. Kxd2 Rxc4
46. Rb3 g5 47. Kd3 Rf4 48. Ke2 Rd4 49. b5 cxb5 50. Rxb5 g4 51. Nd7 Re4+ 52. Kf1
Kg6 53. hxg4 fxg4 54. Nc5 Re5 55. Ra5 Rf5+ 56. Ke2 h3 57. gxh3 gxh3 58. Ra3 h2
59. Rg3+ Rg5 60. Rh3 Rh5 61. Rxh5 Kxh5 62. Ne4 Bh4 0-1

[Event "11. Torneo Internet Ciudad Dos Hermanas"]
[Site "Dos Hermanas ICC ESP"]
[Date "2010.03.19"]
[Round "11"]
[White "Vasquez Schroeder, Rodrigo"]
[Black "Andreikin, Dmitry"]
[Result "1-0"]
[WhiteElo "2506"]
[BlackElo "2645"]
[PlyCount "123"]
[EventDate "2010.03.10"]
[EventType "match (blitz)"]
[EventCountry "ESP"]
[Source "lmi"]
[SourceDate "2010.03.12"]

1. d4 Nf6 2. Nf3 g6 3. g3 Bg7 4. Bg2 d5 5. O-O O-O 6. c4 c6 7. cxd5 cxd5 8. Ne5
Nc6 9. Nc3 e6 10. f4 Bd7 11. e3 Rc8 12. Bd2 Be8 13. Rc1 Nd7 14. Nd3 a6 15. Kh1
Nb6 16. b3 Qe7 17. Rc2 Bd7 18. Nc5 Rc7 19. N3a4 Nxa4 20. Nxa4 Qd6 21. Qc1 Rfc8
22. Nb6 Rd8 23. Na4 Be8 24. Qb1 Ne7 25. Rxc7 Qxc7 26. Rc1 Qd6 27. Nc5 Bc6 28.
Bb4 Nf5 29. Qd3 Qb8 30. Qd2 Be8 31. Kg1 Rc8 32. Kf2 Rc6 33. Bf1 Qc8 34. Nd3
Rxc1 35. Nxc1 Bb5 36. Bxb5 axb5 37. g4 Nh6 38. h3 f5 39. g5 Nf7 40. Nd3 Bf8 41.
Bxf8 Kxf8 42. Qb4+ Kg8 43. Qc5 Qa8 44. a3 Qa6 45. Ke2 b4 46. a4 Nd6 47. Qxb4
Ne4 48. Qe7 Qc6 49. Nc5 Nxc5 50. Qxc5 Qa6+ 51. Kd2 Qf1 52. Qc8+ Kg7 53. Qd7+
Kf8 54. Qd8+ Kf7 55. Qf6+ Ke8 56. Qxe6+ Kf8 57. Qd6+ Kf7 58. Qxd5+ Kg7 59.
Qxb7+ Kf8 60. Qb4+ Kf7 61. Qc4+ Ke7 62. Qxf1 1-0

[Event "11. Torneo Internet Ciudad Dos Hermanas"]
[Site "Dos Hermanas ICC ESP"]
[Date "2010.03.19"]
[Round "11"]
[White "Lenderman, Aleksandr"]
[Black "Hammer, Jon Ludvig"]
[Result "1/2-1/2"]
[WhiteElo "2601"]
[BlackElo "2617"]
[PlyCount "169"]
[EventDate "2010.03.10"]
[EventType "match (blitz)"]
[EventCountry "ESP"]
[Source "lmi"]
[SourceDate "2010.03.12"]

1. Nf3 Nf6 2. g3 d5 3. Bg2 Bg4 4. O-O Nbd7 5. d3 e6 6. Nbd2 Bd6 7. e4 O-O 8.
Qe1 dxe4 9. dxe4 Bxf3 10. Nxf3 e5 11. Qe2 Nc5 12. Nh4 Ne6 13. c3 g6 14. Rd1 Qe7
15. Be3 Rfd8 16. h3 Bc5 17. Bxc5 Qxc5 18. Nf3 c6 19. Nd2 Nd7 20. Nc4 Nb6 21.
Ne3 Qe7 22. Rxd8+ Rxd8 23. Rd1 Rxd1+ 24. Qxd1 Kg7 25. Qd2 h5 26. Qe2 Qd6 27. h4
Nc5 28. Nc4 Qd3 29. Qxd3 Nxd3 30. Na5 Nxb2 31. Nxb7 N2a4 32. Na5 c5 33. c4 Nc3
34. a3 Nb1 35. Bf1 Nxa3 36. Bd3 Na4 37. Nc6 Kf6 38. Nxa7 Nb2 39. Be2 Naxc4 40.
Nb5 Nd2 41. f3 Nb3 42. Kf2 Nd4 43. Nc3 Nxe2 44. Kxe2 Nc4 45. Kd3 Nd6 46. Na4
c4+ 47. Kc3 Nb5+ 48. Kxc4 Nd4 49. f4 Ne2 50. Nc5 exf4 51. gxf4 Nxf4 52. Kd4 Ng2
53. Nd7+ Ke6 54. Nc5+ Ke7 55. Ke5 Nxh4 56. Kf4 Ng2+ 57. Kf3 Ne1+ 58. Ke2 Nc2
59. e5 Nb4 60. Kf3 Nc6 61. Kf4 Nd8 62. Ne4 Ne6+ 63. Kg3 Nc7 64. Nc5 Ne8 65. Kh4
Ng7 66. Ne4 Ke6 67. Ng5+ Ke7 68. Nf3 Nf5+ 69. Kg5 Ne3 70. Nd4 Nd5 71. e6 Nf6
72. exf7 Kxf7 73. Nf3 Kg7 74. Ne5 Nh7+ 75. Kh4 Kf6 76. Nf3 Nf8 77. Ng5 Ne6 78.
Ne4+ Ke5 79. Ng3 Nf4 80. Kg5 Ne6+ 81. Kxg6 h4 82. Nh1 h3 83. Nf2 h2 84. Ng4+
Kf4 85. Nxh2 1/2-1/2

[Event "11. Torneo Internet Ciudad Dos Hermanas"]
[Site "Dos Hermanas ICC ESP"]
[Date "2010.03.19"]
[Round "12"]
[White "Lastin, Alexander"]
[Black "Khusnutdinov, Rustam"]
[Result "1-0"]
[WhiteElo "2643"]
[BlackElo "2527"]
[PlyCount "39"]
[EventDate "2010.03.10"]
[EventType "match (blitz)"]
[EventCountry "ESP"]
[Source "lmi"]
[SourceDate "2010.03.12"]

1. e4 Nf6 2. e5 Nd5 3. d4 d6 4. Nf3 dxe5 5. Nxe5 c6 6. Bc4 Nd7 7. Nf3 N7f6 8.
h3 g6 9. O-O Bg7 10. Re1 O-O 11. c3 Bf5 12. Nbd2 Qc7 13. Nb3 Rad8 14. Bg5 h6
15. Bh4 Ne4 16. g4 g5 17. gxf5 Qf4 18. Rxe4 Qxe4 19. Bd3 Qf4 20. Bg3 1-0

[Event "11. Torneo Internet Ciudad Dos Hermanas"]
[Site "Dos Hermanas ICC ESP"]
[Date "2010.03.19"]
[Round "12"]
[White "Barbosa, Oliver"]
[Black "Perez Ponsa, Federico"]
[Result "0-1"]
[WhiteElo "2452"]
[BlackElo "2437"]
[PlyCount "130"]
[EventDate "2010.03.10"]
[EventType "match (blitz)"]
[EventCountry "ESP"]
[Source "lmi"]
[SourceDate "2010.03.12"]

1. c4 g6 2. g3 Bg7 3. Bg2 d6 4. Nc3 e5 5. d3 f5 6. e3 Nf6 7. Nge2 O-O 8. O-O c6
9. e4 Be6 10. h3 Qd7 11. Kh2 Na6 12. Bg5 h6 13. Be3 fxe4 14. Nxe4 Nxe4 15. dxe4
Bxc4 16. Re1 Kh7 17. Qd2 Rad8 18. Nc3 Bf7 19. Rad1 b6 20. h4 Nc7 21. f4 exf4
22. Bxf4 d5 23. exd5 Nxd5 24. Nxd5 cxd5 25. Be5 d4 26. Bxg7 Kxg7 27. Re4 d3 28.
Re3 Qf5 29. b3 Rfe8 30. Rxd3 Rxd3 31. Qxd3 Qxd3 32. Rxd3 Re2 33. a4 Rb2 34. Rd7
a5 35. Kg1 Kf8 36. Bd5 Bxd5 37. Rxd5 Rxb3 38. Rd6 Kf7 39. Kg2 Rb4 40. Rc6 h5
41. Kf3 Kg7 42. Rc7+ Kf6 43. Rc6+ Kf5 44. Kg2 Rb3 45. Rd6 Rb2+ 46. Kf3 Rb3+ 47.
Kg2 Rb4 48. Kf2 Kg4 49. Rxg6+ Kh3 50. Rh6 Rxa4 51. Rxb6 Ra2+ 52. Kf3 Ra3+ 53.
Kf2 Rxg3 54. Rb5 a4 55. Rxh5 a3 56. Ra5 a2 57. h5 Rg2+ 58. Kf1 Rb2 59. h6 Rb1+
60. Kf2 a1=Q 61. Rxa1 Rxa1 62. Kf3 Ra8 63. Kf4 Kh4 64. Kf5 Kh5 65. h7 Kh6 0-1

[Event "11. Torneo Internet Ciudad Dos Hermanas"]
[Site "Dos Hermanas ICC ESP"]
[Date "2010.03.19"]
[Round "13"]
[White "Perez Ponsa, Federico"]
[Black "Barbosa, Oliver"]
[Result "1-0"]
[WhiteElo "2437"]
[BlackElo "2452"]
[PlyCount "85"]
[EventDate "2010.03.10"]
[EventType "match (blitz)"]
[EventCountry "ESP"]
[Source "lmi"]
[SourceDate "2010.03.12"]

1. d4 Nf6 2. c4 e6 3. Nf3 Bb4+ 4. Nbd2 d5 5. a3 Bd6 6. e3 O-O 7. b4 b6 8. c5
Be7 9. Rb1 c6 10. Bd3 a5 11. O-O Ba6 12. Qe2 Bxd3 13. Qxd3 Nbd7 14. Bb2 Ra7 15.
Rfc1 Qa8 16. cxb6 Nxb6 17. Ne5 Rc8 18. bxa5 Rxa5 19. Bc3 Ra6 20. Bb4 Bxb4 21.
axb4 Nbd7 22. Nxd7 Nxd7 23. Nb3 Rb6 24. Na5 g6 25. Qc3 Rc7 26. b5 c5 27. Nc6 c4
28. e4 Rcb7 29. exd5 exd5 30. Ne7+ Kg7 31. Nxd5 Rxb5 32. Rxb5 Rxb5 33. Nc7 Qa5
34. Nxb5 Qxb5 35. Qxc4 Qf5 36. d5 Nf6 37. d6 Qe5 38. Rd1 Nd7 39. Qd4 Qxd4 40.
Rxd4 Kf6 41. Re4 Nc5 42. Re7 h5 43. h4 1-0

[Event "11. Torneo Internet Ciudad Dos Hermanas"]
[Site "Dos Hermanas ICC ESP"]
[Date "2010.03.19"]
[Round "15"]
[White "Perez Ponsa, Federico"]
[Black "Barbosa, Oliver"]
[Result "1-0"]
[WhiteElo "2437"]
[BlackElo "2452"]
[PlyCount "97"]
[EventDate "2010.03.10"]
[EventType "match (blitz)"]
[EventCountry "ESP"]
[Source "lmi"]
[SourceDate "2010.03.12"]

1. e4 g6 2. Ne2 Bg7 3. Nbc3 c5 4. d4 cxd4 5. Nxd4 Nc6 6. Be3 Nf6 7. f3 O-O 8.
g4 d6 9. Qd2 Nxd4 10. Bxd4 Be6 11. h4 Qa5 12. h5 Rfc8 13. h6 Bh8 14. g5 Nd7 15.
Bxh8 Kxh8 16. Qd4+ Qe5 17. Qxe5+ Nxe5 18. f4 Nf3+ 19. Kf2 Nd4 20. Bd3 f5 21.
Ke3 Nc6 22. Rae1 Bd7 23. Kd2 e6 24. Nb5 fxe4 25. Rxe4 d5 26. Ree1 Rf8 27. Rhf1
Rae8 28. Nd6 Rb8 29. c3 a6 30. c4 Ne7 31. c5 b6 32. b4 a5 33. a3 axb4 34. axb4
bxc5 35. bxc5 Rb4 36. Ke3 Nc6 37. Rb1 Rxb1 38. Rxb1 e5 39. fxe5 Nxe5 40. Be2
d4+ 41. Kxd4 Nc6+ 42. Kc3 Be6 43. Bd3 Ne5 44. Re1 Nxd3 45. Kxd3 Bd5 46. Re7 Rd8
47. Kd4 Bg8 48. Ke5 Rf8 49. Re8 1-0

[Event "11. Torneo Internet Ciudad Dos Hermanas"]
[Site "Dos Hermanas ICC ESP"]
[Date "2010.03.19"]
[Round "16"]
[White "Barbosa, Oliver"]
[Black "Perez Ponsa, Federico"]
[Result "0-1"]
[WhiteElo "2452"]
[BlackElo "2437"]
[PlyCount "74"]
[EventDate "2010.03.10"]
[EventType "match (blitz)"]
[EventCountry "ESP"]
[Source "lmi"]
[SourceDate "2010.03.12"]

1. g3 b6 2. Nf3 Bb7 3. Bg2 e6 4. O-O Nf6 5. d3 Be7 6. e4 d5 7. e5 Nfd7 8. h4 c5
9. Re1 Nc6 10. Bf4 Qc7 11. Nc3 Qc8 12. h5 h6 13. Qd2 a6 14. a3 b5 15. Nd1 Qc7
16. c3 O-O-O 17. d4 c4 18. Ne3 Na5 19. Rad1 Nb3 20. Qc2 Rdg8 21. Bh3 Kb8 22.
Ng2 Nb6 23. g4 Bc8 24. Bg3 g6 25. hxg6 fxg6 26. Nh2 g5 27. f4 gxf4 28. Nxf4 Bg5
29. Rf1 Na4 30. Nh5 Qh7 31. Kg2 Qxc2+ 32. Kh1 Nxb2 33. Nf3 Nxd1 34. Nxg5 hxg5
35. Bg2 Ne3 36. Rf2 Qxf2 37. Kh2 Qxg2# 0-1

[Event "11. Torneo Internet Ciudad Dos Hermanas"]
[Site "Dos Hermanas ICC ESP"]
[Date "2010.03.20"]
[Round "17"]
[White "Lenderman, Aleksandr"]
[Black "Lastin, Alexander"]
[Result "0-1"]
[WhiteElo "2601"]
[BlackElo "2643"]
[PlyCount "50"]
[EventDate "2010.03.10"]
[EventType "match (blitz)"]
[EventCountry "ESP"]
[Source "lmi"]
[SourceDate "2010.03.12"]

1. d4 Nf6 2. c4 e6 3. Nc3 Bb4 4. e3 O-O 5. Bd3 c5 6. Nge2 d5 7. O-O cxd4 8.
exd4 dxc4 9. Bxc4 Nc6 10. Bg5 Be7 11. Rc1 Bd7 12. Bd3 Rc8 13. Bb1 Qa5 14. Qd2
Rfd8 15. Qe3 Ng4 16. Qh3 Bxg5 17. f4 Bf6 18. d5 exd5 19. Qxh7+ Kf8 20. Rce1
Qc5+ 21. Kh1 g6 22. Ng3 Nf2+ 23. Rxf2 Qxf2 24. Re2 Qxf4 25. Bxg6 Qc1+ 0-1

[Event "11. Torneo Internet Ciudad Dos Hermanas"]
[Site "Dos Hermanas ICC ESP"]
[Date "2010.03.20"]
[Round "17"]
[White "Zinchenko, Yaroslav"]
[Black "Bruzon Batista, Lazaro"]
[Result "1-0"]
[WhiteElo "2546"]
[BlackElo "2641"]
[PlyCount "141"]
[EventDate "2010.03.10"]
[EventType "match (blitz)"]
[EventCountry "ESP"]
[Source "lmi"]
[SourceDate "2010.03.12"]

1. e4 e5 2. Nf3 Nc6 3. Bb5 Nf6 4. O-O Nxe4 5. d4 Nd6 6. Bxc6 dxc6 7. dxe5 Nf5
8. Qxd8+ Kxd8 9. Nc3 Bd7 10. h3 h6 11. b3 Kc8 12. Bb2 Ne7 13. Rad1 c5 14. Rfe1
Be6 15. Ne2 g5 16. Ng3 b6 17. Nh5 a5 18. a4 Kb7 19. c4 Nc6 20. Rd2 Be7 21. Ng7
Rhg8 22. Nxe6 fxe6 23. Red1 Raf8 24. Nh2 h5 25. Rd7 Kc8 26. R7d2 g4 27. hxg4
hxg4 28. g3 Rf7 29. Kg2 Rf5 30. Re2 Rh5 31. Re4 Rhg5 32. Bc1 R5g7 33. Bb2 Rg5
34. Rde1 R5g6 35. Rf4 R6g7 36. Ree4 Rd8 37. Rxg4 Rxg4 38. Nxg4 Rd2 39. Bc3 Rc2
40. Re3 Nd4 41. Bxd4 cxd4 42. Rd3 c5 43. Kf3 Kd7 44. Ke4 Ke8 45. f4 Kf7 46. Kf3
Kg6 47. Nf2 Rb2 48. Ne4 Bd8 49. Nd6 Be7 50. Nc8 Bd8 51. g4 Rh2 52. Nd6 Rb2 53.
f5+ exf5 54. gxf5+ Kg5 55. Ke4 Re2+ 56. Kd5 Kf4 57. e6 Be7 58. Kc6 Re3 59. Rd1
Ke5 60. Nc8 Bf6 61. e7 Kxf5 62. e8=Q Rxe8 63. Nd6+ Kf4 64. Nxe8 Be5 65. Kxb6
Ke3 66. Kxc5 d3 67. Kd5 Bc3 68. c5 d2 69. c6 Ke2 70. Rxd2+ Bxd2 71. c7 1-0

[Event "11. Torneo Internet Ciudad Dos Hermanas"]
[Site "Dos Hermanas ICC ESP"]
[Date "2010.03.20"]
[Round "17"]
[White "Vasquez Schroeder, Rodrigo"]
[Black "Amonatov, Farrukh"]
[Result "1/2-1/2"]
[WhiteElo "2506"]
[BlackElo "2637"]
[PlyCount "101"]
[EventDate "2010.03.10"]
[EventType "match (blitz)"]
[EventCountry "ESP"]
[Source "lmi"]
[SourceDate "2010.03.12"]

1. d4 Nf6 2. c4 g6 3. g3 Bg7 4. Bg2 O-O 5. Nc3 d6 6. Nf3 Nbd7 7. O-O e5 8. e4
a6 9. Re1 Rb8 10. Rb1 b5 11. cxb5 axb5 12. b4 c6 13. h3 Re8 14. Be3 Bb7 15. Qb3
h6 16. Rbd1 Qe7 17. dxe5 dxe5 18. a3 Red8 19. Nd2 Ne8 20. Qb2 Nc7 21. Nb3 Ne6
22. Qc1 Kh7 23. Rd2 Ndf8 24. Red1 Rxd2 25. Rxd2 Rd8 26. Qd1 Rxd2 27. Qxd2 Bc8
28. Kh2 h5 29. h4 Qd8 30. Qxd8 Nxd8 31. Bh3 Bxh3 32. Kxh3 Nfe6 33. Ne2 f5 34.
f3 Bh6 35. Bb6 Kg8 36. Kg2 Kf7 37. Kf2 Ke8 38. Nc3 Kd7 39. a4 bxa4 40. Nxa4 Nb7
41. Ke2 f4 42. g4 Bf8 43. gxh5 gxh5 44. Nac5+ Nbxc5 45. Nxc5+ Nxc5 46. Bxc5
Bxc5 47. bxc5 Kc7 48. Kd3 Kb7 49. Kc4 Ka6 50. Kb4 Ka7 51. Ka4 1/2-1/2

[Event "11. Torneo Internet Ciudad Dos Hermanas"]
[Site "Dos Hermanas ICC ESP"]
[Date "2010.03.20"]
[Round "18"]
[White "Bruzon Batista, Lazaro"]
[Black "Zinchenko, Yaroslav"]
[Result "1/2-1/2"]
[WhiteElo "2641"]
[BlackElo "2546"]
[PlyCount "109"]
[EventDate "2010.03.10"]
[EventType "match (blitz)"]
[EventCountry "ESP"]
[Source "lmi"]
[SourceDate "2010.03.12"]

1. e4 c5 2. Nf3 Nc6 3. d4 cxd4 4. Nxd4 Nf6 5. Nc3 e5 6. Ndb5 d6 7. Bg5 a6 8.
Na3 b5 9. Nd5 Be7 10. Bxf6 Bxf6 11. c4 b4 12. Nc2 a5 13. Be2 O-O 14. O-O Bg5
15. Qd3 Be6 16. Rfd1 Bxd5 17. cxd5 Nb8 18. Ne3 Bxe3 19. Qxe3 Nd7 20. Rac1 Nc5
21. Rxc5 dxc5 22. d6 Qb6 23. Bc4 Rad8 24. d7 Kh8 25. h4 h6 26. Rd5 Qc7 27. Qd3
a4 28. h5 Rb8 29. Rd6 Rbd8 30. g3 Rb8 31. Kg2 Rbd8 32. Kg1 Rb8 33. Bxf7 Rbd8
34. Bc4 Rf6 35. Rxf6 gxf6 36. Be6 Kg7 37. Qf3 Qd6 38. Qf5 Qf8 39. Qg6+ Kh8 40.
Bf5 Qg7 41. Qe8+ Qf8 42. Qe6 Kg7 43. Kg2 Qf7 44. Qd6 Qf8 45. Qc7 Qe7 46. b3
axb3 47. axb3 Kf8 48. Qc6 Kg7 49. Qd5 Kf8 50. Qd3 Kg7 51. Qd2 Qf8 52. Qe2 Kh8
53. Qc4 Kg7 54. Qd5 Qe7 55. Qc4 1/2-1/2

[Event "11. Torneo Internet Ciudad Dos Hermanas"]
[Site "Dos Hermanas ICC ESP"]
[Date "2010.03.20"]
[Round "18"]
[White "Amonatov, Farrukh"]
[Black "Vasquez Schroeder, Rodrigo"]
[Result "0-1"]
[WhiteElo "2637"]
[BlackElo "2506"]
[PlyCount "76"]
[EventDate "2010.03.10"]
[EventType "match (blitz)"]
[EventCountry "ESP"]
[Source "lmi"]
[SourceDate "2010.03.12"]

1. e4 c5 2. Nf3 d6 3. d4 cxd4 4. Nxd4 Nf6 5. Nc3 a6 6. h3 e6 7. g4 h6 8. Be3 g5
9. Qd2 Nbd7 10. O-O-O b5 11. f3 Ne5 12. h4 gxh4 13. Bd3 Bb7 14. g5 hxg5 15.
Bxg5 h3 16. Kb1 Be7 17. a3 Qb6 18. Be3 Qc7 19. Qf2 d5 20. Qg3 dxe4 21. Bxe4
Nxe4 22. fxe4 Bh4 23. Qxh3 O-O-O 24. Bf4 Bf6 25. Qg3 Rhg8 26. Qf2 Qb6 27. Rhf1
Ng4 28. Qg1 Bxd4 29. Qg3 Nf2 30. Qh4 Rg4 31. Qh6 Nxd1 32. Nxd1 Bg7 33. Qh2 Rxf4
34. Qxf4 Qd4 35. Nc3 Rd7 36. Qg5 Qe5 37. Qh4 Bc6 38. Qh7 Kb7 0-1

[Event "11. Torneo Internet Ciudad Dos Hermanas"]
[Site "Dos Hermanas ICC ESP"]
[Date "2010.03.20"]
[Round "19"]
[White "Zinchenko, Yaroslav"]
[Black "Bruzon Batista, Lazaro"]
[Result "1-0"]
[WhiteElo "2546"]
[BlackElo "2641"]
[PlyCount "95"]
[EventDate "2010.03.10"]
[EventType "match (blitz)"]
[EventCountry "ESP"]
[Source "lmi"]
[SourceDate "2010.03.12"]

1. e4 c5 2. Nf3 d6 3. d4 cxd4 4. Nxd4 Nf6 5. Nc3 a6 6. a4 e6 7. Be2 Nc6 8. O-O
Be7 9. Be3 O-O 10. f4 Qc7 11. Kh1 Re8 12. Bg1 Nd7 13. Nb3 b6 14. Bf3 Bb7 15.
Qe2 Bf8 16. Rad1 Rab8 17. Qc4 Rbc8 18. Qe2 Na5 19. Nxa5 bxa5 20. Bd4 Rb8 21. b3
e5 22. fxe5 dxe5 23. Ba7 Rbd8 24. Qe3 Nc5 25. Bxc5 Bxc5 26. Qe2 Bd4 27. Nd5
Bxd5 28. exd5 f5 29. Qxa6 Qxc2 30. Be2 Qxb3 31. Rb1 Qa3 32. Rxf5 Qxa4 33. Bb5
Qa2 34. Rbf1 h6 35. Bxe8 Rxe8 36. Qc6 Rd8 37. d6 Qe6 38. Rf7 Qxd6 39. Qb5 Qg6
40. Qxa5 Re8 41. Qa2 Kh7 42. Qd5 Qe6 43. Qe4+ Qg6 44. Qb7 e4 45. Rd7 Bf6 46.
Qa6 e3 47. Qe2 Bd4 48. Rxd4 1-0

[Event "11. Torneo Internet Ciudad Dos Hermanas"]
[Site "Dos Hermanas ICC ESP"]
[Date "2010.03.20"]
[Round "19"]
[White "Lenderman, Aleksandr"]
[Black "Lastin, Alexander"]
[Result "1/2-1/2"]
[WhiteElo "2601"]
[BlackElo "2643"]
[PlyCount "104"]
[EventDate "2010.03.10"]
[EventType "match (blitz)"]
[EventCountry "ESP"]
[Source "lmi"]
[SourceDate "2010.03.12"]

1. d4 Nf6 2. c4 e6 3. Nc3 Bb4 4. e3 O-O 5. Bd3 c5 6. Nge2 d5 7. cxd5 cxd4 8.
Nxd4 Nxd5 9. Bd2 Nxc3 10. Bxc3 Bxc3+ 11. bxc3 Nd7 12. O-O Nf6 13. Be2 a6 14.
Bf3 Qc7 15. Qb3 e5 16. Nc2 Rb8 17. Nb4 Be6 18. Nd5 Bxd5 19. Bxd5 e4 20. Rfd1
Ng4 21. g3 Nf6 22. Rd4 Rfe8 23. Rad1 g6 24. a4 Kg7 25. Rc4 Qe5 26. Rcd4 Re7 27.
a5 Qc7 28. Qb4 b6 29. axb6 Rxb6 30. Qa3 Nxd5 31. Rxd5 Re5 32. Qa5 Rxd5 33. Qxd5
Qxc3 34. Qxe4 a5 35. Rd4 Rf6 36. Qb1 Ra6 37. Qe4 Qb2 38. Qe5+ Rf6 39. f4 a4 40.
g4 h6 41. h4 Qc1+ 42. Kg2 Qc2+ 43. Kg3 Qc3 44. g5 Qe1+ 45. Kf3 Qf1+ 46. Ke4
Qb1+ 47. Rd3 Qb7+ 48. Rd5 hxg5 49. hxg5 Qb1+ 50. Kf3 Qf1+ 51. Ke4 Qb1+ 52. Rd3
Qb7+ 1/2-1/2

[Event "11. Torneo Internet Ciudad Dos Hermanas"]
[Site "Dos Hermanas ICC ESP"]
[Date "2010.03.20"]
[Round "19"]
[White "Vasquez Schroeder, Rodrigo"]
[Black "Amonatov, Farrukh"]
[Result "1/2-1/2"]
[WhiteElo "2506"]
[BlackElo "2637"]
[PlyCount "95"]
[EventDate "2010.03.10"]
[EventType "match (blitz)"]
[EventCountry "ESP"]
[Source "lmi"]
[SourceDate "2010.03.12"]

1. d4 Nf6 2. c4 g6 3. g3 Bg7 4. Bg2 O-O 5. Nc3 d6 6. Nf3 Nbd7 7. O-O e5 8. e4
a6 9. h3 b5 10. cxb5 axb5 11. b4 Re8 12. Re1 c6 13. dxe5 dxe5 14. Be3 Qe7 15.
a3 Rd8 16. Qb3 h6 17. Red1 Ne8 18. a4 bxa4 19. Rxa4 Bb7 20. Rxa8 Rxa8 21. Na4
Nc7 22. Nc5 Nxc5 23. Bxc5 Qe8 24. Bf1 Ne6 25. Be3 Ba6 26. Bxa6 Rxa6 27. Qc4 Ra4
28. Rd6 c5 29. Rb6 Nd4 30. Nh4 Rxb4 31. Rxb4 cxb4 32. Qxb4 Nc2 33. Qc5 Qa4 34.
Qd5 Qa1+ 35. Kg2 Nxe3+ 36. fxe3 Qb2+ 37. Kf3 Qb6 38. Ng2 h5 39. g4 Qf6+ 40. Kg3
Qg5 41. Qd2 Bh6 42. Qe2 Kg7 43. h4 Qxg4+ 44. Qxg4 hxg4 45. Kxg4 Kf6 46. h5
gxh5+ 47. Kxh5 Bf8 48. Kg4 1/2-1/2

[Event "11. Torneo Internet Ciudad Dos Hermanas"]
[Site "Dos Hermanas ICC ESP"]
[Date "2010.03.20"]
[Round "20"]
[White "Amonatov, Farrukh"]
[Black "Vasquez Schroeder, Rodrigo"]
[Result "1-0"]
[WhiteElo "2637"]
[BlackElo "2506"]
[PlyCount "47"]
[EventDate "2010.03.10"]
[EventType "match (blitz)"]
[EventCountry "ESP"]
[Source "lmi"]
[SourceDate "2010.03.12"]

1. e4 c5 2. Nf3 d6 3. d4 cxd4 4. Nxd4 Nf6 5. Nc3 a6 6. Bc4 e6 7. Bb3 b5 8. Bg5
Be7 9. Qf3 Qb6 10. O-O-O Nbd7 11. Rhe1 Bb7 12. Bxe6 fxe6 13. Nxe6 Ne5 14. Qg3
Kf7 15. Nd5 Bxd5 16. exd5 Rhg8 17. f4 Nc4 18. Qh3 Rae8 19. Bxf6 Bxf6 20. Qh5+
g6 21. Qxh7+ Bg7 22. Ng5+ Kf6 23. g4 Qa5 24. Qxg8 1-0